| 000 | 01123nab a22002177a 4500 | ||
|---|---|---|---|
| 999 |
_c5422 _d5422 |
||
| 003 | OSt | ||
| 005 | 20250407093640.0 | ||
| 008 | 190506c xxu||||| |||| 00| 0 spa d | ||
| 040 | _cPJ | ||
| 100 |
_96442 _aOrtega, Inés |
||
| 245 | 1 | 3 |
_aLa adhesión de las provincias a la ley 27.348. Escenario actual / _cInés Ortega. |
| 260 |
_aBuenos Aires : _bAbeledoPerrot, _c2025. |
||
| 300 | _ap. 15-22 | ||
| 500 | _aTR LALEY AR/DOC/3318/2024 | ||
| 505 | _aSumario: I. Introducción.— II. Razones expuestas para la sanción de la ley 27.348. La necesidad de ajustar la norma al precedente “Castillo”.— III. Situación actual en las provincias frente a la ley 27.348. Las adheridas y las no adheridas.— IV. Situación de las provincias Córdoba, Buenos Aires y Santa Fe.— V. Conclusión. | ||
| 505 | _t¿Te interesa el texto completo? Comunicate al correo: koha@justierradelfuego.gov.ar | ||
| 650 | 0 |
_91316 _aDERECHO LABORAL |
|
| 650 | 0 |
_91323 _aCONTRATO DE TRABAJO |
|
| 773 | 0 |
_02751 _93202 _dBuenos Aires : AbeledoPerrot, 2013- _tRevista de derecho laboral y seguridad social. Nº 3 - Febrero 2025 |
|
| 942 |
_2udc _cANA |
||